[Event "18th Caspian Cup-A 2020"]
[Site "Rasht"]
[Date "2020.02.17"]
[Round "5.7"]
[White "Babaniya, Benyamin"]
[Black "Mirzoev, Azer"]
[Result "1/2-1/2"]
[WhiteElo "2180"]
[BlackElo "2439"]
[Annotator "TA"]
[PlyCount "88"]
[EventDate "2020.02.14"]
[EventType "swiss"]
[EventCountry "IRI"]
[SourceTitle "playchess.com"]
[Source "ChessBase"]
[SourceQuality "1"]

{[%evp 23,88,3,12,4,14,10,13,6,11,11,16,4,40,10,19,0,0,-12,-18,-23,-20,-10,-3,-4,0,-10,0,-14,-12,-12,-7,-15,-14,-14,-14,-13,-8,-17,0,0,-7,-15,-14,-14,-5,-41,-2,-8,0,0,0,0,0,0,27,0,19,0,0,0,0,0,0,0,8,0,0]} 1. e4 e5 2. Nf3 Nc6 3. Nc3 Nf6 4. d4 exd4 5. Nxd4 Bb4 6. Nxc6 bxc6 7. Bd3 d5 8. exd5 cxd5 9. O-O O-O 10. Bg5 c6 11. Qf3 Be7 12. h3 h6 13. Bf4 {C47: Scotch Four Knights and Four Knights with 4 g3.} Bd6 14. Rad1 Rb8 15. b3 Be6 16. Ne2 c5 17. c3 a5 {[#]} 18. Bc2 $146 ({Predecessor:} 18. Bxd6 Qxd6 19. Nf4 a4 20. bxa4 Rb2 21. Rfe1 Rxa2 22. Bf5 Rxa4 23. Nxe6 fxe6 24. Bxe6+ {1-0 (45) Hrubaru,M (2091)-Larin,I (2198) LSS email 2010}) 18... Rb6 19. Rd2 Re8 20. Rfd1 Bd7 21. Ng3 Bxf4 22. Qxf4 Qb8 23. Qxb8 Rexb8 24. Ne2 Bc6 25. Nf4 g5 26. Ne2 $1 a4 27. Ng3 Kf8 28. Nf5 h5 29. h4 gxh4 30. Nxh4 axb3 31. axb3 Ra6 32. Nf3 Bd7 33. Ne5 Be6 34. f3 Ra3 35. c4 d4 36. Nd3 Nd7 37. Nf4 h4 38. Re1 Ra2 39. Rde2 Rb6 {The position is equal.} 40. Kh2 Nb8 41. Bd1 Ra1 42. Bc2 Ra2 43. Bd1 Ra1 44. Bc2 Ra2 {Accuracy: White = 93%, Black = 90%.} 1/2-1/2

[Event "18th Caspian Cup-A 2020"]
[Site "Rasht"]
[Date "2020.02.17"]
[Round "5.8"]
[White "Evdokimov, Alexander A."]
[Black "Yeritsyan, Hayk"]
[Result "1-0"]
[WhiteElo "2490"]
[BlackElo "2291"]
[Annotator "TA"]
[PlyCount "131"]
[EventDate "2020.02.14"]
[EventType "swiss"]
[EventCountry "IRI"]
[SourceTitle "playchess.com"]
[Source "ChessBase"]
[SourceQuality "1"]

{[%evp 19,131,-12,-2,-22,6,10,21,7,16,-17,0,-6,-8,-20,-19,-21,0,0,0,0,2,7,52,42,55,42,56,56,56,55,58,74,106,122,94,77,102,102,133,109,109,109,110,61,61,61,62,62,89,89,110,106,85,0,0,0,89,65,79,88,156,129,110,91,92,103,145,139,153,69,152,27,26,22,26,25,31,30,25,20,23,18,24,25,25,22,48,40,46,42,58,57,162,157,161,162,162,162,162,162,175,157,153,0,171,165,244,224,244,234,1443,1427,1972,1975]} 1. d4 d5 2. c4 e6 3. Nf3 Nf6 4. g3 Be7 5. Bg2 O-O 6. Nbd2 c5 7. dxc5 Bxc5 8. O-O Nc6 9. cxd5 exd5 10. Nb3 Bb6 11. Nfd4 {D30: Queen's Gambit Declined: Systems without Nc3.} Ne4 12. Be3 {[#]} Qf6 $146 ({Predecessor:} 12... Ne5 13. Qc2 Re8 14. Rad1 Qf6 15. a4 a5 16. Nb5 Bxe3 17. fxe3 Qh6 18. Bxe4 dxe4 19. Qxe4 {1-0 (31) Socko,M (2417)-Berzina,I (2211) Monaco 2019}) 13. Rc1 {The position is equal.} Re8 14. a3 h5 15. Nxc6 bxc6 16. Bxb6 axb6 17. Qd4 Qxd4 18. Nxd4 c5 19. Nb5 {Nc7 is the strong threat.} Re7 $1 20. Rfd1 Ba6 (20... Ra5 $5 {[%cal Ra5b5]} 21. Nd4 Ra8 $11) 21. Bxe4 $1 dxe4 22. Nc3 Bc4 23. Rd6 Rb8 24. Rcd1 b5 25. Rd8+ Rxd8 26. Rxd8+ $16 {[%mdl 4096] Endgame KRB-KRN} Kh7 27. Rc8 Re5 28. Kf1 h4 29. Ke1 hxg3 30. hxg3 Kg6 31. Kd2 e3+ 32. fxe3 Kf5 33. Ke1 Kg4 {[#]} 34. Kf2 $1 Rh5 35. Kg2 Re5 36. Kf2 ({White should play} 36. e4 $16) 36... Rf5+ $11 37. Kg2 (37. Ke1 $11) 37... Re5 $16 38. e4 Be6 39. Rb8 Bd7 (39... Bc4 $142) 40. Rb7 Be8 41. Nd1 Kg5 42. Nf2 g6 43. Kf3 c4 44. Rb6 (44. Rc7 $16) 44... Rc5 {[#]} ({Better is} 44... c3 $1 $14 45. bxc3 Rc5) 45. Rd6 (45. Nd1 $1 $16) 45... c3 $11 46. bxc3 Rxc3+ 47. Rd3 Rc2 48. Rd5+ Kf6 49. Ng4+ Ke7 50. Ne3 Ra2 51. Rd3 Ke6 52. Rc3 Ra1 53. Nc2 Rd1 54. Ke3 Bd7 55. Nd4+ Kd6 (55... Ke7 $1 $14) 56. Rd3 $18 Rb1 57. Nxb5+ $1 Ke7 58. Nc3 Ra1 59. Nd5+ Ke6 60. Nf4+ Ke7 61. Nd5+ Ke6 62. Kd4 Ra2 (62... g5 {might work better.} 63. Rb3 Rd1+ 64. Ke3 Rg1) 63. Rb3 {And now Rb6+ would win.} Rd2+ 64. Ke3 Ra2 $2 (64... Rd1 65. Rb6+ Ke5) 65. Rb6+ Ke5 66. Nb4 {Accuracy: White = 84%, Black = 61%.} 1-0

[Event "18th Caspian Cup-A 2020"]
[Site "Rasht"]
[Date "2020.02.17"]
[Round "6.1"]
[White "Harutjunyan, Gevorg"]
[Black "Pourramezanali, Amirreza"]
[Result "1-0"]
[WhiteElo "2444"]
[BlackElo "2497"]
[Annotator "TA"]
[PlyCount "97"]
[EventDate "2020.02.14"]
[EventType "swiss"]
[EventCountry "IRI"]
[SourceTitle "playchess.com"]
[Source "ChessBase"]
[SourceQuality "1"]

{[%evp 21,97,-21,-16,-20,18,15,14,10,26,-9,25,11,2,0,0,0,-8,-20,-23,-14,-19,-21,-11,-38,-29,-31,0,-35,0,0,41,0,0,-13,-2,-29,-10,-10,-10,-11,0,0,25,24,26,26,51,46,51,51,51,6,6,0,70,70,54,64,69,41,94,94,116,94,91,58,58,51,58,58,57,43,169,171,310,310,671,595]} 1. e4 e6 2. d4 d5 3. Nc3 Bb4 4. Nge2 dxe4 5. a3 Bxc3+ 6. Nxc3 Nc6 7. Bb5 Nge7 8. Bg5 f6 9. Be3 O-O 10. Qd2 f5 11. O-O-O Nd5 {aiming for ...f4.} 12. Nxd5 {C15: French: 3 Nc3 Bb4: Unusual White 4th moves.} exd5 (12... Qxd5 {is interesting.} 13. c4 Qd6 14. Bf4 e5 15. dxe5 Qe7) 13. Bxc6 $1 bxc6 14. Bf4 {The position is equal.} a5 15. h4 Be6 {[#]} 16. h5 $146 ({Predecessor:} 16. Rh3 Rf7 17. h5 c5 18. h6 cxd4 19. hxg7 c5 20. Rxh7 e3 21. Qe2 Kxh7 22. Qh5+ Kxg7 {1-0 (63) Boersma,J (2067)-Van der Lende,I (2277) Hoogeveen 2014}) 16... a4 17. Qc3 Ra6 18. Qg3 Rf7 19. h6 g6 20. Rh5 Kf8 21. Rg5 Qe7 22. Rh1 c5 23. dxc5 Rc6 ({Much weaker is} 23... Qxc5 $6 24. Rxg6 d4 25. Rg8+ Ke7 26. Rd1 $14 (26. Bxc7 d3 $11)) 24. Bd2 Bc8 ({Don't blunder} 24... Qxc5 $2 25. Bb4 $18) 25. Qc3 {[%cal Rc3h8]} Ke8 (25... Qf6 {feels hotter.} 26. Qa5 d4 27. Qa8 Qe6 28. Kb1 Kg8) 26. Be3 (26. Qh8+ $14 Kd7 27. Be3) 26... Qf6 $11 27. Qxf6 Rcxf6 28. g3 c6 29. Rd1 Ra7 30. Rd4 Rff7 31. Rb4 Rfb7 32. Rb6 Rxb6 33. cxb6 {[%mdl 4096] Endgame KRB-KRB} Rb7 34. g4 f4 35. Bxf4 Kf7 $1 36. Be3 (36. c4 $5) 36... Kf6 $1 37. Kd2 Rxb6 ({Better is} 37... Rb8 $11) 38. Rxd5 $1 $14 cxd5 39. Bxb6 Bxg4 $11 {KB-KB} 40. b3 Ke5 (40... g5 $14) 41. Kc3 $1 $16 Bd1 42. Bd4+ Kd6 43. Kb4 Bxc2 44. Kxa4 $1 g5 45. Kb4 Bd1 46. a4 Ke6 {[#]} (46... g4 $1 $14) 47. Ka3 $1 $18 Kd6 {[#]} (47... e3 $142) 48. b4 $1 {[%cal Bb3b4,Bb4b5][%mdl 32]} Be2 $2 (48... e3 49. Bxe3 d4 50. Bxg5 (50. Bxd4 Kd5 $16) 50... Bf3) 49. b5 {Accuracy: White = 81%, Black = 57%.} 1-0

[Event "18th Caspian Cup-A 2020"]
[Site "Rasht"]
[Date "2020.02.17"]
[Round "6.2"]
[White "Quparadze, Giga"]
[Black "Iskandarov, Misratdin"]
[Result "0-1"]
[WhiteElo "2462"]
[BlackElo "2520"]
[Annotator "TA"]
[PlyCount "40"]
[EventDate "2020.02.14"]
[EventType "swiss"]
[EventCountry "IRI"]
[SourceTitle "playchess.com"]
[Source "ChessBase"]
[SourceQuality "1"]

{[%evp 21,122,-1,12,-4,0,0,18,8,12,7,14,10,18,0,0,0,0,0,0,8,25,14,13,13,20,15,10,0,78,60,39,-7,0,-5,-3,-9,21,36,20,18,59,60,50,-150,-155,-155,-151,-155,-155,-187,-185,-372,-378,-350,-364,-1035,-468,-512,-499,-491,-500,-485,-437,-1005,-1023,-937,-947,-1857,-1972,-29967,-29968,-29966,-29963,-12841,-12807,-5043,-5031,-879,-487,-29980,-29981,-29987,-29988,-29988,-29984,-29984,-29985,-29985,-29985,-29988,-29989,-29989,-29990,-29990,-29990,-29990,-29987,-29987,-29988,-29988,-29984,-29983,-29983]} 1. e4 c5 2. Nf3 Nc6 3. Nc3 d6 4. d4 cxd4 5. Nxd4 Nf6 6. Nb3 g6 7. Be2 Bg7 8. O-O O-O 9. Bg5 a6 10. Re1 b5 11. Bf1 h6 12. Bh4 {B70: Sicilian Dragon: 6 g3 and 6 Be2 (without a later Be3).} Nd7 13. Rb1 Nde5 14. Nd5 {The position is equal.} g5 15. Bg3 e6 16. Ne3 Bb7 17. c4 bxc4 18. Nxc4 Nxc4 19. Bxc4 Ne5 {[#]} 20. Bf1 $146 ({Predecessor:} 20. Nd2 Nxc4 21. Nxc4 Bxe4 22. Rxe4 d5 23. Re1 dxc4 24. Qh5 Qd5 25. h4 Rad8 26. hxg5 Qxg5 27. Qxg5 hxg5 {½-½ (43) Sokolov,A (2587)-Svidler,P (2690) Germany 2002}) 20... Bc6 {Played: Qd8-b6} 0-1

[Event "18th Caspian Cup-A 2020"]
[Site "Rasht"]
[Date "2020.02.17"]
[Round "6.3"]
[White "Mosadeghpour, Masoud"]
[Black "Khoshkalam, Seyed Mehrab"]
[Result "1/2-1/2"]
[WhiteElo "2499"]
[BlackElo "2280"]
[Annotator "TA"]
[PlyCount "117"]
[EventDate "2020.02.14"]
[EventType "swiss"]
[EventCountry "IRI"]
[SourceTitle "playchess.com"]
[Source "ChessBase"]
[SourceQuality "1"]

{[%evp 19,117,-12,-26,-29,0,0,0,0,0,0,0,0,0,0,0,0,0,0,0,0,0,-11,-10,-7,-8,-48,-45,-52,0,0,0,0,0,0,0,0,0,0,-7,-4,0,0,0,0,11,0,0,0,17,0,0,0,15,12,52,0,8,0,2,0,0,0,0,0,0,0,0,0,0,0,0,0,0,0,0,0,0,0,8,8,8,8,8,8,8,8,8,8,8,8,8,7,2,0,0,0,0,0,0,0]} 1. e4 e6 2. d4 d5 3. exd5 exd5 4. Bd3 Bd6 5. Nf3 Nf6 6. O-O O-O 7. Bg5 Bg4 8. Nc3 c6 9. h3 Bh5 10. g4 Bg6 11. Ne5 {C01: French: Exchange Variation.} Bxd3 12. Qxd3 Be7 13. f4 Ne8 14. Bxe7 Qxe7 15. Rae1 {[#] aiming for Nxc6!} Qc7 16. Ne2 Nd7 17. Ng3 Nd6 {[#]} 18. Nxd7 $146 ({Predecessor:} 18. f5 Rae8 19. Kg2 Nxe5 20. dxe5 Nc4 21. e6 fxe6 22. fxe6 Rf4 23. Qe2 g6 24. b3 Rxf1 25. Qxf1 {½-½ (65) Hausdorf,H (2327)-Wolkenstein,E (2274) ICCF email 2018}) 18... Qxd7 19. f5 Rae8 20. f6 Rxe1 21. Rxe1 {[#] And now Re7 would win.} Re8 $1 {[%cal Re8e1]} ({Don't play} 21... gxf6 22. Nh5 $16) 22. Qd2 Rxe1+ 23. Qxe1 gxf6 (23... g6 $1 $15) 24. Nh5 $1 $11 {[%cal Rh5f6]} Qd8 25. Qe3 Ne4 26. Qh6 {[%csl Gh5][%cal Rh6g7]} Qf8 27. Qf4 Qd6 28. Qxd6 Nxd6 29. Nxf6+ {[%mdl 4096] Endgame KN-KN} Kg7 30. Nd7 $1 Nc4 31. Nc5 $1 Nd6 32. Kf2 f5 33. Kf3 fxg4+ 34. hxg4 Kf6 35. Kf4 Kf7 36. a4 a6 37. a5 (37. Kg5 $14) 37... Kf6 {The position is equal.} 38. g5+ Kf7 39. b4 Ke7 40. Ke5 Nf7+ 41. Kf5 Nd6+ 42. Kf4 Kf7 43. Nd7 Kg6 44. c3 Nb5 45. Nc5 Nxc3 46. Nxb7 Na2 47. Nd8 Nxb4 48. Kg4 c5 49. dxc5 d4 50. c6 {Black must now prevent c7.} d3 {...d2 is the strong threat.} 51. Kf3 {Strongly threatening c7.} Nd5 (51... d2 $5 52. Ke2 $8 Nd5 $11) 52. Ne6 Kf5 $132 {[%mdl 2048] Black puts up resistance} 53. c7 Ne7 54. Nc5 Kxg5 55. Nxa6 Kf5 56. Nc5 Ke5 57. a6 Nc8 58. Ne4 d2 59. Nxd2 {Accuracy: White = 96%, Black = 91%.} 1/2-1/2

[Event "18th Caspian Cup-A 2020"]
[Site "Rasht"]
[Date "2020.02.17"]
[Round "6.4"]
[White "Ghukasyan, Siranush"]
[Black "Evdokimov, Alexander A."]
[Result "1-0"]
[WhiteElo "2195"]
[BlackElo "2490"]
[Annotator "TA"]
[PlyCount "109"]
[EventDate "2020.02.14"]
[EventType "swiss"]
[EventCountry "IRI"]
[SourceTitle "playchess.com"]
[Source "ChessBase"]
[SourceQuality "1"]

{[%evp 20,109,17,14,12,-13,0,0,21,0,14,0,0,-85,-108,-102,-112,-64,-58,-44,-50,-54,-41,-78,-81,-112,-34,-39,-36,-84,-93,-100,-96,-88,-85,-88,-72,-123,-41,-43,-43,-45,-52,-52,-11,-12,-12,-12,-11,-10,-10,-8,0,0,0,-11,0,-13,0,0,0,0,0,4,181,181,489,484,567,555,549,534,711,526,1552,1556,29962,5061,29963,29966,29971,29974,29973,29976,29977,29978,29978,29978,29978,29979,29977,29977]} 1. e4 c5 2. Nf3 d6 3. d4 cxd4 4. Nxd4 Nf6 5. Nc3 Nc6 6. Bg5 e6 7. Qd2 Be7 8. O-O-O O-O 9. f3 Nxd4 10. Qxd4 a6 11. h4 b5 {B63: Sicilian: Richter-Rauzer: 7...Be7 and unusual Black 7th moves.} 12. a3 Bb7 13. Kb1 Rc8 {[#] The position is equal.} 14. Be2 $146 ({Predecessor:} 14. g4 d5 15. e5 Nd7 16. f4 f6 17. exf6 Nxf6 18. Bh3 Qa5 19. Rhe1 Bxa3 20. Na2 {½-½ (35) Kriebel,T (2531)-Socko,B (2625) Katowice 2019}) 14... Qc7 15. h5 h6 16. Bh4 (16. Bxf6 $1 $11 Bxf6 17. Qxd6) 16... d5 $1 $17 17. exd5 {Threatens to win with d6.} Rfd8 18. Qd2 Nxd5 19. Bxe7 Qxe7 20. Nxd5 Bxd5 21. Qa5 Rb8 22. Bd3 {[#]} Rd6 (22... b4 $1 $17 {[%cal Rb4a3] Hoping for ...bxa3.} 23. axb4 Rxb4) 23. Rhe1 $15 Rbd8 24. Qd2 Bc4 25. Re3 Bxd3 26. Rxd3 Rxd3 27. cxd3 $17 {[%mdl 4096] Endgame KQR-KQR} Qd6 28. Qe3 {[#]} (28. g4 $142) 28... b4 (28... Qg3 $1 $17 29. Rg1 Rc8) 29. axb4 $15 Qxb4 30. Rc1 Qb5 31. Rc5 $1 {[%cal Rc5b5]} Qxd3+ (31... Qb3 {seems wilder.} 32. Rc3 Qd1+ 33. Ka2 Qa4+ 34. Kb1 Rb8) 32. Qxd3 Rxd3 {KR-KR} 33. Kc2 Rd6 34. Rc8+ Kh7 35. Rc7 Kg8 36. Rc8+ Kh7 37. Rc7 f5 38. Kc3 Kg8 39. b4 Kf8 40. f4 Rd5 {Black wants to play ...a5.} 41. Ra7 e5 $2 (41... Rd6 $11 {and Black has nothing to worry.}) 42. Rxa6 $18 exf4 $2 (42... e4 {is more resistant.}) 43. Ra5 Rd6 44. Rxf5+ {[%mdl 64] Double Attack} Ke7 45. Rxf4 g6 46. Re4+ Kf6 47. hxg6 Kxg6 48. b5 {[%cal Bb4b5,Bb5b6][%mdl 32]} Kf5 49. Re2 {White mates.} Rd1 50. b6 Rc1+ 51. Rc2 Rb1 52. Rb2 Rc1+ 53. Kd4 Rd1+ 54. Kc5 Rc1+ 55. Kb5 {Accuracy: White = 85%, Black = 56%.} 1-0

[Event "18th Caspian Cup-A 2020"]
[Site "Rasht"]
[Date "2020.02.17"]
[Round "6.5"]
[White "Azadi, Amirmohammad"]
[Black "Babujian, Levon"]
[Result "0-1"]
[WhiteElo "2155"]
[BlackElo "2487"]
[Annotator "TA"]
[PlyCount "52"]
[EventDate "2020.02.14"]
[EventType "swiss"]
[EventCountry "IRI"]
[SourceTitle "playchess.com"]
[Source "ChessBase"]
[SourceQuality "1"]

{[%evp 9,52,0,14,-2,11,10,29,51,58,55,79,0,18,0,0,0,5,8,0,9,18,22,21,12,18,27,31,-283,-277,-278,-251,-165,-22,-698,-687,-641,-293,-5257,-1341,-29989,-637,-675,-636,-601,-589]} 1. c4 e5 2. g3 c6 3. Bg2 d5 4. cxd5 cxd5 5. d4 e4 6. Nc3 {A20: English Opening: 1...e5.} Nc6 7. f3 f5 8. Nh3 {White has an edge.} Nf6 9. Bg5 {[#]} Be7 $146 ({Predecessor:} 9... Bb4 10. Nf4 O-O 11. O-O Bxc3 12. bxc3 Na5 13. Nh5 Qe8 14. Bxf6 Qxh5 15. Be7 Re8 {0-1 (47) Mann,C (2416)-Volke,K (2473) Germany 2017}) 10. Bxf6 ({Better is} 10. Nf4 $16) 10... Bxf6 $11 11. e3 {Strongly threatening Qb3.} Be6 $1 12. Nf4 Bf7 13. Qb3 {[%cal Rc3d5]} O-O 14. Nfxd5 Kh8 15. fxe4 fxe4 16. Bxe4 Re8 {Threatens to win with ...Rxe4!} 17. Qxb7 Bxd5 $1 18. Bxd5 $4 {[%mdl 8192]} (18. Nxd5 $14 {was forced to keep a grip.} Nxd4 19. O-O (19. Nxf6 $2 Qxf6 20. exd4 Rab8 $17)) 18... Rxe3+ $19 19. Kf1 Bxd4 20. Qxc6 ({But not} 20. Bxc6 Rb8 $19) 20... Rc8 (20... Rb8 $19 {( -> ...Qf8+)} 21. Ne2 Qf8+ 22. Nf4 g5 {[%mdl 64] Pin}) 21. Qa6 $2 {[%mdl 8192]} (21. Qa4 $11 Bxc3 22. Rd1 Bxb2 23. Kg2) 21... Rb8 22. Rb1 Rxc3 (22... Bxc3 $142 23. Qc4 Rb4 $1 {[%mdl 512]} 24. bxc3 Rxc4 25. Bxc4 Rxc3) 23. Be4 $2 {[#]} (23. bxc3 Rxb1+ 24. Ke2 Qe8+ 25. Qe6 Qxe6+ {[%mdl 64] Overworked Piece} 26. Bxe6 Rxh1 27. cxd4) 23... Re3 (23... Qe7 $142 $1 {[%mdl 512]} 24. Qe2 Re3 $1 {[%mdl 512]} 25. Qxe3 Bxe3) 24. Qc6 Qe7 (24... Qa5 $142 25. Qc2 Qb5+ {[%mdl 64] Double Attack} 26. Bd3 Rxd3 27. Kg2 Qd5+ 28. Kh3 Qf5+ 29. Kg2 Rxg3+ $1 {[%mdl 576] Discovered Attack} 30. hxg3 Qxc2+ 31. Kh3 Rb6 $1 {[%mdl 512]} 32. Rhf1 Rh6+ 33. Kg4 Qe2+ 34. Rf3 Rg6+ 35. Kh3 Qxf3 36. Kh4 Qg4#) 25. Re1 Qf7+ 26. Kg2 {[#]} Rxe1 $1 {Accuracy: White = 59%, Black = 73%.} ({Weaker is} 26... Rxb2+ 27. Bc2 $17) 0-1

[Event "18th Caspian Cup-A 2020"]
[Site "Rasht"]
[Date "2020.02.17"]
[Round "6.6"]
[White "Tavoosi Rad, Ramtin"]
[Black "Rasulov, Vugar"]
[Result "0-1"]
[WhiteElo "2099"]
[BlackElo "2476"]
[Annotator "TA"]
[PlyCount "87"]
[EventDate "2020.02.14"]
[EventType "swiss"]
[EventCountry "IRI"]
[SourceTitle "playchess.com"]
[Source "ChessBase"]
[SourceQuality "1"]

{[%evp 10,87,12,0,14,0,23,19,28,28,26,-7,-7,-34,-32,-31,0,-40,-35,-47,-26,-48,-45,-48,-24,-23,-22,-44,-34,-39,-41,-41,-35,-54,-61,-96,-58,-66,-63,-80,-60,-54,-36,-90,-90,-118,-94,-103,-95,-98,-104,-120,-111,-117,-117,-114,-104,-181,-184,-183,-187,-187,-151,-288,-254,-256,-268,-413,-327,-468,-451,-505,-470,-555,-264,-676,-666,-644,-420,-410]} 1. c4 g6 2. Nc3 Bg7 3. g3 Nf6 4. Bg2 O-O 5. d3 d6 6. e3 c6 {A16: English Opening: 1...Nf6 with ...d5.} 7. Nge2 Bd7 8. O-O Qc8 {[#] The position is equal.} 9. Rb1 $146 ({Predecessor:} 9. f4 Bh3 10. e4 Bg4 11. Be3 c5 12. Qd2 Nc6 13. Rac1 Rb8 14. d4 Bxe2 15. Nxe2 {0-1 (22) Bogdanov,E (2217)-Mihajlovskij,S (2397) Elancourt 2004}) 9... Bh3 10. Nf4 Bxg2 11. Kxg2 e5 $36 {[%mdl 2048] Black has good play.} 12. Nfe2 Qe6 13. b3 d5 14. e4 Rd8 {[#] Strongly threatening ...dxe4.} 15. Qc2 Na6 {[%cal Bb8a6,Ba6c5,Bc5d3,Bd3b2][%mdl 32] Threatens to win with ...Nb4.} 16. a3 dxe4 17. dxe4 Qe7 18. Bb2 Nc5 19. f3 Nd3 20. Rbd1 Nxb2 21. Qxb2 Nd7 22. Na2 Nc5 23. Nac1 a5 24. Qc3 Rxd1 25. Rxd1 Ne6 26. Qb2 (26. b4 $15) 26... f5 $17 27. b4 fxe4 28. fxe4 Ng5 29. Nc3 Qe6 30. Qe2 axb4 31. axb4 Bf8 32. c5 Bh6 33. N1a2 (33. Re1 $17) 33... Rf8 $19 34. Rf1 Rd8 35. Rd1 {[#]} Rd4 $1 36. b5 (36. Kf1 $17 {is a better defense.}) 36... Bf8 37. bxc6 bxc6 38. Rb1 (38. Kh1 $142) 38... Bxc5 39. Rb8+ (39. Kh1 {might work better.}) 39... Kg7 40. Rb7+ Kh6 41. g4 {If White can now play h4 this consolidates a bit.} Rd7 (41... Qc8 $142 42. Rb2 Ne6) 42. Rb1 $2 (42. Rxd7 Qxd7 43. Nc1) 42... Rf7 43. Rf1 Rxf1 44. Kxf1 {Accuracy: White = 55%, Black = 83%.} 0-1

[Event "18th Caspian Cup-A 2020"]
[Site "Rasht"]
[Date "2020.02.17"]
[Round "6.7"]
[White "Mirzoev, Azer"]
[Black "Mahdavi, Reza"]
[Result "1-0"]
[WhiteElo "2439"]
[BlackElo "2066"]
[Annotator "TA"]
[PlyCount "63"]
[EventDate "2020.02.14"]
[EventType "swiss"]
[EventCountry "IRI"]
[SourceTitle "playchess.com"]
[Source "ChessBase"]
[SourceQuality "1"]

{[%evp 14,63,28,11,34,38,38,27,38,38,33,40,44,35,35,42,46,43,52,48,65,35,47,41,39,39,38,46,79,89,76,71,88,99,99,115,177,169,210,154,173,108,139,90,192,136,227,270,276,275,401,399]} 1. d4 Nf6 2. Nf3 g6 3. Nbd2 Bg7 4. e4 d6 5. c3 O-O 6. Bd3 Nc6 7. O-O e5 8. Re1 Nd7 {[%cal Re5d4] B07: Pirc Defence: Miscellaneous Systems.} 9. Nb3 a5 10. Bg5 Qe8 {White has an edge.} 11. a4 h6 12. Bh4 Nb6 {[#]} 13. h3 $146 ({Predecessor:} 13. Bb5 Bd7 14. Qd2 Nb8 15. dxe5 dxe5 16. Qe2 Nxa4 17. Bxd7 Qxd7 18. Red1 Qc6 19. Rd5 {½-½ (41) Parligras,M (2572)-Kohlweyer,B (2416) Skopje 2014}) 13... Bd7 14. Bc2 g5 15. Bg3 Qe7 16. Qe2 Kh8 17. dxe5 dxe5 18. Nbd2 Be6 19. Nf1 Rfd8 20. Ne3 Qc5 21. Qb5 Nd7 22. Nd5 ({Not} 22. Qxb7 $2 Rdb8 $19) 22... Rdc8 23. Red1 ({Don't blunder} 23. Qxb7 $2 Rcb8 $19) 23... b6 24. Qe2 Nf8 (24... Nd8 $16 {is a better defense.}) 25. h4 $18 g4 26. Nd2 Nh7 27. Ne3 (27. Nc4 $18) 27... h5 28. Bb3 Qe7 (28... Ne7 $16) 29. Nf5 (29. Bd5 $18 Qe8 30. Ndc4) 29... Bxf5 (29... Qf6 $16) 30. exf5 Rd8 31. Qc4 Rd6 (31... Qe8 {keeps fighting.} 32. Qxf7 Rd7 33. Qxe8+ Rxe8) 32. Ne4 {Accuracy: White = 75%, Black = 63%.} 1-0

[Event "18th Caspian Cup-A 2020"]
[Site "Rasht"]
[Date "2020.02.17"]
[Round "6.8"]
[White "Daneshvar, Bardiya"]
[Black "Babaniya, Benyamin"]
[Result "1-0"]
[WhiteElo "2327"]
[BlackElo "2180"]
[Annotator "TA"]
[PlyCount "131"]
[EventDate "2020.02.14"]
[EventType "swiss"]
[EventCountry "IRI"]
[SourceTitle "playchess.com"]
[Source "ChessBase"]
[SourceQuality "1"]

{[%evp 12,131,19,25,29,34,61,-13,-7,-11,-28,-77,-81,-81,-65,-91,-83,-76,-41,-51,-34,-46,-48,-35,-27,-41,-27,-27,-27,-48,-23,-23,-15,-40,-41,-45,-37,-38,-29,-25,-10,-16,-12,-26,2,0,11,2,18,20,18,19,25,25,32,0,25,25,25,25,10,24,39,15,14,12,15,14,47,45,55,54,266,268,246,229,254,126,126,118,136,143,200,194,193,129,326,326,326,316,306,296,286,272,231,76,76,76,418,406,754,714,636,1058,595,525,960,881,1665,2258,1388,1382,745,691,12844,12844,12845,12845,12845,12846,12846,12847]} 1. Nf3 e6 2. c4 d5 3. g3 Nf6 4. b3 a5 5. Nc3 Be7 6. Bg2 O-O 7. O-O Re8 {A14: English Opening: 1...e6 with b3 by White.} 8. Bb2 {[#]} Bf8 $146 ({Predecessor:} 8... Nc6 9. d4 b6 10. Rc1 Bb7 11. Ne5 Nb4 12. a3 Na6 13. cxd5 exd5 14. e3 c5 15. dxc5 bxc5 {0-1 (36) Moskalenko,V (2555)-San Segundo Carrillo,P (2440) Benasque 1993}) 9. Qc2 (9. d4 $14) 9... d4 $1 $11 {[%cal Rd4c3] The position is equal.} 10. Ne4 e5 11. d3 Nxe4 12. dxe4 c5 13. e3 a4 14. exd4 exd4 15. Ne1 Nc6 16. Nd3 Qb6 17. Nf4 Nb4 18. Qd2 a3 19. Bc1 Bd7 20. Nd3 Bc6 (20... Nxd3 {with more complications.} 21. Qxd3 Qa6 22. Re1 b5 23. Bf4 b4) 21. Nxb4 Qxb4 22. Qxb4 cxb4 23. Re1 f6 24. Bd2 Bc5 25. f3 Re7 26. Bf1 Rae8 27. Kg2 g6 28. Bd3 Kf7 29. Kf2 Ke6 30. g4 Kd7 31. h4 Kc7 32. Bf4+ Kb6 33. Re2 Rf7 34. Rae1 Ref8 35. Bh6 Re8 36. Kg3 Rfe7 37. Bd2 Bd6+ 38. f4 h6 $1 39. Kh3 g5 {[#]} 40. e5 $1 $36 {[%mdl 2560] White is pushing.} fxe5 41. fxe5 Bc5 $2 (41... Rf7 $14 42. exd6 Rf3+ 43. Kh2 Rxd3 44. Rxe8 Bxe8 45. Bxb4 Bd7) 42. hxg5 $18 Rf8 {Hoping for ...Rf3+.} 43. Bf5 d3 44. Re3 (44. Rh2 $18 h5 45. g6) 44... hxg5 $16 45. Rxd3 Rg8 46. Kg3 Kc7 (46... Reg7 $16 47. e6 Rf8) 47. e6 $18 b6 48. Be3 (48. Re2 $18) 48... Kb7 $2 (48... Bxe3 $16 {is a better defense.} 49. Rexe3 (49. Rdxe3 Rd8 $16) 49... Rh8) 49. Bxc5 bxc5 50. Re5 Kb6 51. Rd6 {Strongly threatening Be4.} Kc7 52. Rd2 Kb6 53. Be4 $2 (53. Rd3 $18 {is more deadly.}) 53... Bxe4 $16 54. Rxe4 {[%mdl 4096] Endgame KRR-KRR} Rc8 $2 {[%mdl 8192]} (54... Rg6 $16 {is tougher.}) 55. Rd5 $18 Rc6 (55... Rg8 $142 56. Ree5 Rge8) 56. Rxg5 {White is clearly winning.} Rcxe6 57. Rxe6+ Rxe6 {KR-KR} 58. Rf5 Re3+ {[#]} 59. Rf3 $1 {[%cal Rf3e3]} Re5 60. Rf2 Kc6 61. Rd2 Re1 62. g5 Rg1+ 63. Rg2 Rxg2+ 64. Kxg2 {White threatens g6 and mate.} Kd6 65. Kf3 {Intending Ke4 and mate.} Ke5 66. g6 {Accuracy: White = 79%, Black = 62%.} 1-0